000 00624cam a22002053a 4500
001 37402
003 PGUSA
005 20140828083824.0
008 110911s2011||||xxu|||||s|||||000 | eng d
040 _aPGUSA
_beng
042 _adc
100 1 _aLennep, J. van
_q(Jacob),
_d1802-1868
245 1 0 _aAnekdoten :
_bVermakelijke anekdoten, en historische herinneringen
_h[electronic resource] /
_cJ. van Lennep
260 _bProject Gutenberg,
_c2011
506 _aPublic domain in the USA.
516 _aElectronic text
830 0 _aProject Gutenberg
_v37402
856 4 0 _uhttp://www.gutenberg.org/ebooks/37402
942 _cEB
999 _c266656
_d266656